000 00720nam a2200253 i 4500
001 C2-0269419
003 PPAK
005 20221221110812.0
008 060808s2006 my g 0 f may d
020 _a9789838936729
_cRM0.00
_qpaperback
040 _aPPAK
_beng
_cPPAK
_erda
082 0 4 _a899.2333
_223
090 0 0 _a899.2333
_bSYA
_dG
100 0 _aSyamimi Aminolah,
_eauthor.
245 1 0 _aSecebis kasihmu /
_cSYAMIMI AMINOLAH
264 1 _aKuala Lumpur :
_bCreative Enterprise ,
_c2006
300 _a690 pages :
_c19 cm
336 _2rdacontent
_atext
337 _2rdamedia
_aunmediated
338 _2rdacarrier
_avolume
650 1 0 _aMalay fiction.
650 2 0 _aMalaysian fiction (Malay)
942 _cB
_2ddc
999 _c78107
_d78107